Statystyki dla 15 krajów o największej liczbie zgonów Covid19 - 3 czerw 2021

Kliknij tutaj aby rozwiązać quiz!

Ogólne statystyki

  • Ten quiz został rozwiązany 17 razy
  • Średni wynik to 13 z 24

Statystyki odpowiedzi

ogółem
przypadków
kraj% Poprawnych
611 573Stany Zjednoczone
100%
89 605Niemcy
93%
74 075Polska
93%
122 660Rosja
93%
126 342Włochy
86%
469 784Brazylia
71%
109 857Francja
71%
80 099Hiszpania
71%
228 146Meksyk
71%
127 812Wielka Brytania
64%
79 873Argentyna
57%
340 719Indie
57%
80 658Iran
50%
90 353Kolumbia
43%
Belgia
36%
Bośnia i Hercegowina
29%
Chorwacja
29%
Czechy
29%
184 942Peru
29%
Słowacja
29%
Słowenia
29%
Bułgaria
21%
Węgry
21%
Macedonia Północna
14%

Rozkład punktacji

Percentyl według liczby udzielonych odpowiedzi

Procent ludzi z każdym wynikiem

Twoja historia wyników

Nie rozwiązałeś tego quizu